000 00621nac a22001811u 4500
008 100902s2002 ii ill |r|||| 001 0 eng d
020 _a8170082226
082 0 0 _a621.3133
_bRAJ
_222
245 1 0 _aAlternating Current Machines /
_c R. K. Rajput.
250 _a3rd ed.
260 _aNew Delhi :
_b Lamxi publications,
_c2002.
300 _a817 p. :
_bill. ;
_c23 cm.
504 _aIncludes bibliographical references and index.
650 0 _aElectric machinery
_xAlternating current.
_917795
650 0 _aElectric motors, Alternating current.
_917797
650 0 _917796
_aElectric transformers
942 _cBB
_k621.3133 RAJ
_2ddc
999 _c819
_d819